LEADER 01113nam a2200265 u 4500 001 000000115233 003 CaOOAMICUS 005 20090407144157.0 008 090407s2009 it u000 u ita d 020 $z978-88-6030-242-7* 040 $aPUL$bita$dLDB 100 1 $aBorsellino, Patrizia.$0(OLS)http://pul/name/39429 245 10$aBioetica tra "morali" e diritto /$cPatrizia Borsellino. 260 $aMilano :$bRaffaello Cortina,$cc2009. 300 $axiii, 370 p. ;$c22 cm. 490 1 $aTesti studi e ricerche di scienze giuridiche 504 $aNote bibliografiche. 650 4$aBioetica.$0(OLS)http://pul/subject/2868 830 0$aTesti studi e ricerche di scienze giuridiche.$0(OLS)http://pul/title/144815 850 $aPUL 852 $aPUL$W1$xSL Filosofia 3$y81$m176 BORDA 1$j131968$qDDC 21$B130953$CPULBib$Z2$F130953 $H109993 $82 941 1 $a9 996 $6020$z978-88-6030-242-7*$9(OLS)http://pul/number/140269 996 $6245$aBioetica tra "morali" e diritto$9(OLS)http://pul/title/144814 996 $6260$aMilano :$bRaffaello Cortina$9(OLS)http://pul/publisher/63509 LEADER 01426nam a2200277 u 4500 001 000000113929 003 CaOOAMICUS 005 20081118152404.0 008 081118s2008 it u000 u ita r 040 $aPUL$bita$dLDB 245 00$aConoscere il marketing: scenari in continua evoluzione. 260 $aMilano :$bIl Sole 24 ore,$c2008. 300 $a143 p. ;$c19 cm. +$e2 CD-Rom 490 1 $aMaster 24. Marketing & comunicazione ;$v01 500 $aEdizione speciale per Il Sole 24 ore. 500 $aIn cofanetto. 504 $aInclude riferimenti bibliografici. 650 14$aMarketing.$0(OLS)http://pul/subject/7374 830 0$aMaster 24. Marketing & comunicazione ;$v01.$0(OLS)http://pul/title/143177 850 $aPUL 852 $aPUL$W1$xDP2 Cons. Gen., Altre Classi 3$y97$m658. 8 COLL 1.1$j130139$qDDC 21$B129216$CPULBib$Z2$F129216 $H108434 $82 852 $aPUL$W1$xSL Cons. Gen., Altre Classi 3$y75$m658. 8 COLL 1.1CDa$j130140$aCD-Rom 1$qDDC 21$B129217$CPULBib$Z2$F129217 $H108433 $82 852 $aPUL$W1$xSL Cons. Gen., Altre Classi 3$y75$m658. 8 COLL 1.1CDb$j130141$aCD-Rom 2$qDDC 21$B129218$CPULBib$Z2$F129218 $H108432 $82 941 1 $a9 996 $6245$aConoscere il marketing: scenari in continua evoluzione$9(OLS)http://pul/title/143178 996 $6260$aMilano :$bIl Sole 24 ore$9(OLS)http://pul/publisher/69212